Beate noi : [romanzo] /

Guardat en:
Dades bibliogràfiques
Autor principal: Bloom, Amy (Autor)
Altres autors: Cuva, Giacomo (Traductor)
Format: Llibre
Idioma:italià
Publicat: Roma : Fazi, 2016
Col·lecció:Le strade ; 290
Etiquetes: Afegir etiqueta
Sense etiquetes, Sigues el primer a etiquetar aquest registre!

MARC

LEADER 00000nam a22000007i 4500
001 IT\ICCU\RAV\2044350
003 ItRI
005 20260115232144.0
008 160627s2016 it |||||| ||||| |||||c
020 |a 9788876257865 
040 |b ita  |c importazione bologna sebina 
041 7 |a ita  |2 ISO-639-2 
100 1 |a Bloom, Amy  |0 IT\ICCU\UBOV\794625  |4 aut 
240 1 0 |a Lucky us  |3 IT\ICCU\RAV\2044353  |9 Bloom, Amy 
245 1 0 |a Beate noi :  |b [romanzo] /  |c Amy Bloom ; traduzione di Giacomo Cuva. 
260 |a Roma :  |b Fazi,  |c 2016 
300 |a 276 p. ;  |c 21 cm 
700 1 |a Cuva, Giacomo  |0 IT\ICCU\RMLV\086018  |4 trl 
830 3 |a Le strade ;  |v 290  |0 IT\ICCU\LO1\0422396 
942 |2 ddc  |c BK  |n 0 
952 |0 0  |1 0  |4 0  |6 L_813_540000000000000_BLO  |7 0  |9 20999  |a BO  |b BO  |d 2026-01-15  |i 18607  |l 0  |o L 813.54 BLO  |p BO18607  |r 2026-01-15 23:21:44  |w 2026-01-15  |x [Sebina 5] [1 v.]  |y BK  |z 1 v. 
999 |c 17942  |d 17942